Clubs français de football de la Ligue 1 au National 2 2025-2026 - Statistiques

Statistiques générales
  • Ce quiz a été pris 2 339 fois
    824 depuis la dernière actualisation
  • Le résultat moyen est 50 sur 100
Statistiques - réponses
Path ID Paths % Correct
psg Paris Saint-Germain
98%
marseille Olympique de Marseille
97%
lyon Olympique Lyonnais
97%
lille Lille OSC
94%
lens RC Lens
93%
rennes Stade Rennais
93%
nantes FC Nantes
92%
monaco AS Monaco
91%
nice OGC Nice
91%
strasbourg RC Strasbourg Alsace
91%
toulouse Toulouse FC
91%
stetienne AS Saint-Étienne
90%
parisfc Paris FC
90%
brest Stade Brestois
90%
angers Angers SCO
89%
metz FC Metz
88%
lorient FC Lorient
86%
bordeaux Girondins de Bordeaux
86%
montpellier Montpellier Hérault SC
84%
auxerre AJ Auxerre
83%
lehavre Le Havre AC
82%
bastia SC Bastia
80%
reims Stade de Reims
78%
amiens Amiens SC
76%
nancy AS Nancy Lorraine
75%
clermont Clermont Foot 63
74%
pau Pau FC
74%
redstar Red Star FC
74%
guingamp En Avant de Guingamp
71%
caen SM Caen
71%
dijon Dijon FCO
70%
dunkerque USL Dunkerque
70%
grenoble Grenoble Foot 38
69%
troyes ESTAC Troyes
68%
annecy FC Annecy
68%
lemans Le Mans FC
68%
sochaux FC Sochaux-Montbéliard
66%
laval Stade Lavallois
66%
rouen FC Rouen
65%
nimes Nîmes Olympique
65%
versailles FC Versailles 78
60%
boulogne US Boulogne CO
59%
orleans US Orléans
59%
valenciennes Valenciennes FC
59%
rodez Rodez Aveyron Football
58%
paris13 Paris 13 Atletico
53%
toulon SC Toulon
53%
chateauroux LB Châteauroux
50%
qrm US Quevilly Rouen Métropole
50%
concarneau US Concarneau
48%
cannes AS Cannes
46%
stadebriochin Stade Briochin
46%
laroche La Roche Vendée Football
42%
bourgenbresse Bourg en Bresse Peronnas 01
40%
villefranche FC Villefranche Beaujolais
40%
lepuy Le Puy Foot 43
37%
stmalo US Saint-Malo
37%
aubagne Aubagne FC
36%
fleury FC Fleury 91
36%
istres Istres FC
36%
colmar SR Colmar
36%
poitiers Stade Poitevin FC
34%
creteil US Créteil Lusitanos
34%
bayonne Aviron Bayonnais FC
33%
bourges Bourges Foot 18
32%
lesherbiers Vendée Les Herbiers Football
32%
angouleme Angoulême Charente FC
31%
avranches US Avranches
31%
beauvais AS Beauvais Oise
28%
epinal SAS Épinal
28%
blois Blois Football 41
27%
bobigny FC 93 Bobigny
25%
goal GOAL FC
24%
chambly FC Chambly Oise
23%
frejus EFC Fréjus-Saint-Raphaël
21%
hyeres Hyères FC
21%
thionville US Thionville Lusitanos
21%
voltigeurs Voltigeurs de Châteaubriant
21%
stpriest AS Saint-Priest
20%
granville Granville US
20%
borgo FC Borgo
19%
dieppe FC Dieppe
18%
grasse RC Pays de Grasse
17%
stmaur US Lusitanos Saint-Maur
17%
dinan Dinan-Léhon FC
16%
saumur Olympique Saumur FC
16%
andrezieux Andrézieux-Bouthéon FC
14%
haguenau FCSR Haguenau
14%
wasquehal Wasquehal Football
14%
locmine St Colomban Locminé
13%
biesheim ASC Biesheim
12%
furiani AS Furiani-Agliani
12%
gfa GFA Rumilly Vallières
12%
chauray FC Chauray
11%
stpryve Saint Pryvé Saint Hilaire FC
11%
chantilly US Chantilly
11%
limonest FC Limonest DSD
10%
montlouis FC Montlouis
10%
rousset FC Rousset SVO
10%
feignies Feignies-Aulnoye EFC
10%
Aucun quiz correspondant
Distribution des résultats
% des personnes avec chaque résultat
Percentile par nombre de réponses
Votre historique - résultats
Vous n’avez pas pris ce quiz depuis la dernière actualisation